Statistiques concernant Les clubs français les plus titrés

Cliquez ici pour prendre le quiz!

Statistiques générales

  • Ce quiz a été pris 229 fois
  • Le résultat moyen est 9 sur 10

Statistiques - réponses

ClubNombre de titres% Correct
Olympique de Marseille9
100%
Paris-Saint-Germain9
100%
AS Saint-Etienne10
99%
Olympique Lyonnais7
98%
Lille OSC3
96%
Girondins de Bordeaux6
95%
AS Monaco8
90%
FC Nantes8
90%
OGC Nice4
82%
Stade de Reims6
77%

Distribution des résultats

Percentile par nombre de réponses

% des personnes avec chaque résultat

Votre développement - résultats

Vous n’avez pas pris ce quiz